000
00290nam a22001337a 4500
082
_a
823
_b
ABR/M
100
_a
NARI, ABRAR
100
_a
WARR, R P
245
_a
MISCHIEVOUS HANUMAN
260
_a
CHENNAI
_b
SEASONS PUBLISHING
300
_a
124
650
_a
ENGLISH STORY
_z
INDIA
942
_c
BK
999
_c
7419
_d
7419